000 01189nam a2200301 i 4500
001 184221
003 ES-MaACL
005 20230906222118.0
008 150520s1973 sp ao e |||| | spa d
020 _a84-7017-386-3
080 _a7.031.8:069(725 M.) Mus. Nac. Antrop.
100 1 _aRagghianti, Carlo Ludovico.
_9156874
245 1 0 _aMuseo Nacional de Antropología
_b: México /
_c[presentación de Arturo Romano ; textos de Carlo Ludovico Ragghianti, Licia Raghianti Collobi ; traducción de Xavier Gispert].
246 3 4 _aEnciclopedia de los museos
260 _aBarcelona :
_bArgos,
_c[1973]
300 _a172 p. :
_bil. col., fot. ;
_c29 cm.
490 1 _aEnciclopedia de los museos ;
_v1
500 _aÍndices.
504 _aBibliografía: p. 168.
610 2 7 _aMuseo Nacional de Antropología (México)
_9156875
700 1 _aRomano Pacheco, Arturo.
_9156878
700 1 _aRagghianti Collobi, Licia.
_9156876
700 1 _aGispert, Javier.
_9156892
830 0 _aEnciclopedia de los museos ;
_v1
_9192084
852 _aES-MaACL
_jE-15631
_z- enc. guaflex
852 _aES-MaACL
_jL-30407
_z- enc. guaflex
_z. - Donat. Miguel A. Velasco
999 _c184221
_d184221